000 00311nam a2200121Ia 4500
008 190216s9999||||xx |||||||||||||| ||und||
100 _aDay &selbin
245 0 _aTheoretical Inorganic Chemistry
260 _bAffiliated East West Press
_c1980
300 _a590p
650 _aChemistry-Chemistry
942 _cBK
999 _c2172
_d2172